|
|
|
|
| LEADER |
00000nta a2200000 i 4500 |
| 001 |
dolg42064 |
| 005 |
20221021075309.0 |
| 008 |
221021s2009 hu om 000 hun d |
| 040 |
|
|
|a BGE Dolgozattár Repozitórium
|b hun
|
| 041 |
|
|
|a hu
|
| 100 |
1 |
|
|a Kapás Alexandra Katalin
|
| 245 |
1 |
2 |
|a A kubai gazdaság helyzete és átalakulási esélyei a jövőben
|c Kapás Alexandra Katalin
|h [elektronikus dokumentum]
|
| 260 |
|
|
|c 2009
|
| 695 |
|
|
|a Gazdasági elemzés
|
| 695 |
|
|
|a Kuba
|
| 700 |
1 |
|
|a Nincs adat Nincs adat
|e ths
|
| 856 |
4 |
0 |
|u http://dolgozattar.uni-bge.hu/42064/1/D_14294_Kap%C3%A1s%20Alexandra.pdf
|z Dokumentum-elérés
|